Čistá súčasná hodnota a analýza senzitívnosti bakalárska práca

Gespeichert in:
Bibliographische Detailangaben
1. Verfasser: Hevesová, Alexandra
Körperschaft: Fakulta hospodárskej informatiky EU. Katedra matematiky
Weitere Verfasser: Starečková, Anna
Format: Buch
Sprache:Slowakisch
Veröffentlicht: Bratislava 2010
Tags: Tag hinzufügen
Keine Tags, Fügen Sie das erste Tag hinzu!

MARC

LEADER 00000nam$a2200000$$$4500
001 0129313
005 20240320073633.6
041 0 |a slo 
044 |a SK 
245 1 0 |a Čistá súčasná hodnota a analýza senzitívnosti  |b bakalárska práca  |c Alexandra Hevesová ; školiteľ: Anna Starečková 
264 1 |a Bratislava  |c 2010 
300 |a 34 s. 
100 1 |a Hevesová, Alexandra 
700 1 |a Starečková, Anna 
710 2 |a Fakulta hospodárskej informatiky EU. Katedra matematiky